| 000 | 00924nas a2200301 4500 | ||
|---|---|---|---|
| 001 | BR0704385 | ||
| 003 | BR-BrBNA | ||
| 005 | 20231205111109.0 | ||
| 007 | ta | ||
| 008 | 230509b bl.|||p| |||| 00| 00por d | ||
| 040 |
_aBR-BrBNA _bpor _cBiblioteca Nacional de Agricultura |
||
| 041 | _a(Pt) | ||
| 072 | _aQ01 | ||
| 100 | 1 | _aLima, A.S. de | |
| 100 | 1 | _aVon Laer, A.E. | |
| 100 | 1 | _aTrindade, P.S. | |
| 100 | 1 | _aSilva, W.P. da | |
| 245 | 1 | _aDisseminação de Listeria monocytogenes no processamento de linguiça mista frescal avaliada por sorologia e rapd | |
| 650 | _aNUTRIÇÃO HUMANA | ||
| 650 | _aTECNOLOGIA DE ALIMENTO | ||
| 650 | _aLINGUIÇA | ||
| 650 | _aLINHAGEM | ||
| 650 | _aLISTERIOSE | ||
| 650 | _aPOLIMORFISMO | ||
| 773 | 0 |
_tAlimentos e Nutrição (Brazil) _xISSN 0103-4235 _g(Jul-Sep 2005), v. 16(3) p. 245-251 _wBR0704385 |
|
| 909 |
_a202311 _bLúcia _c55 _dLúcia Elande |
||
| 942 |
_2AGRIS _n0 _cANA |
||
| 999 |
_c190637 _d190637 |
||